000 00604nam a2200205 a 4500
020 _a0913250503
040 _cDLC
082 0 0 _a633 AME 1988 A056 Or.
245 0 0 _aDurum wheat :
_bchemistry and technology /
260 _aSt. Paul, Minn., USA :
_bAmerican Association of Cereal Chemists,
_cc1988.
300 _a332 p. :
_bill. ;
_c24 cm.
500 _aCover title: Durum.
650 0 _aDurum wheat.
650 0 _aDurum wheat
650 0 _aDurum wheat products.
700 1 _aFabriani, Giuseppe.
700 1 _aLintas, Claudia.
710 2 _aAmerican Association of Cereal Chemists.
942 _cEK
999 _c15586
_d15586